ბათუმის შოთა რუსთაველის სახელმწიფო უნივერსიტეტის ბიბლიოთეკა

ოცნების ქორწილი (ბიბ.ჩანაწერი № 49917)

000 -LEADER
fixed length control field 01067nam a2200253Ia 4500
001 - CONTROL NUMBER
control field 16853
003 - CONTROL NUMBER IDENTIFIER
control field GE_BSU
008 - FIXED-LENGTH DATA ELEMENTS--GENERAL INFORMATION
fixed length control field 181216s||||||||xx |||||||||||||| ||und||
020 ## - INTERNATIONAL STANDARD BOOK NUMBER
International Standard Book Number 9992848144
040 ## - CATALOGING SOURCE
Transcribing agency GE_BSU
080 ## - UNIVERSAL DECIMAL CLASSIFICATION NUMBER
Universal Decimal Classification number 821.353.1-32
100 ## - MAIN ENTRY--PERSONAL NAME
Personal name გოგრაჭაძე, ავთანდილ
245 ## - TITLE STATEMENT
Title ოცნების ქორწილი
245 ## - TITLE STATEMENT
Remainder of title მოთხრობები
245 ## - TITLE STATEMENT
Statement of responsibility, etc. რედ.ზ. ფირცხალაიშვილი
260 ## - PUBLICATION, DISTRIBUTION, ETC.
Place of publication, distribution, etc. ბათუმი
260 ## - PUBLICATION, DISTRIBUTION, ETC.
Name of publisher, distributor, etc. ალიონი
260 ## - PUBLICATION, DISTRIBUTION, ETC.
Date of publication, distribution, etc. 2000
300 ## - PHYSICAL DESCRIPTION
Extent 29გვ. ; 18სმ
653 ## - INDEX TERM--UNCONTROLLED
Uncontrolled term მოთხრობები
653 ## - INDEX TERM--UNCONTROLLED
Uncontrolled term ოცნების ქორწილი
653 ## - INDEX TERM--UNCONTROLLED
Uncontrolled term ოცნების ქორწილი; სავარძელი; სოფელი არ ხუმრობს; სოფლის აღმართი; მიდი და იოცნებე; ტკივილი; ძველი სახლი; ტარზანი; ვისია კაკალი
942 ## - ADDED ENTRY ELEMENTS (KOHA)
Koha item type წიგნი
ეგზემპლარები
Withdrawn status Lost status Damaged status Not for loan Date acquired Barcode Date last seen Price effective from Koha item type
        2018-12-17 21868 2018-12-17 2018-12-17 წიგნი
        2018-12-17 21869 2018-12-17 2018-12-17 წიგნი
        2018-12-17 21870 2018-12-17 2018-12-17 წიგნი
        2018-12-17 21871 2018-12-17 2018-12-17 წიგნი